| 000 | 00920cac a22002171u 4500 | ||
|---|---|---|---|
| 090 | _c5736 | ||
| 008 | 081105t xxu||||| |||| 00| 0 eng d | ||
| 010 | _a 2002032426 | ||
| 020 | _a0471391050 (pbk.) | ||
| 082 | 0 | 0 |
_a664.001579 _bYOU |
| 245 | 1 | 0 |
_aFood microbiology : _ba laboratory manual / _cAhmed E. Youssef, Carolyn Carlstrom. |
| 260 |
_aHoboken, N.J. : _bJohn Wiley & Sons, _cc2003. |
||
| 300 |
_aviii, 277 p. : _bill. ; _c26 cm. |
||
| 500 | _a"A Wiley-Interscience publication." | ||
| 500 | _adistributer: Al-Ahram | ||
| 504 | _aIncludes bibliographical references and index. | ||
| 856 | 4 | 2 |
_3Contributor biographical information _uhttp://www.loc.gov/catdir/bios/wiley044/2002032426.html |
| 856 | 4 | 2 |
_3Publisher description _uhttp://www.loc.gov/catdir/description/wiley037/2002032426.html |
| 856 | 4 | 2 |
_3Table of contents _uhttp://www.loc.gov/catdir/toc/wiley031/2002032426.html |
| 942 |
_cBB _k664.001579YOU _2ddc |
||
| 999 |
_c5736 _d5736 |
||